| 000 | 00787nab a2200265 4500 | ||
|---|---|---|---|
| 003 | BR-BrBNA | ||
| 005 | 20250220101056.0 | ||
| 008 | 250220b bl.||||| |||| 00| 0 por d | ||
| 040 |
_aBR-BrBNA _bpor |
||
| 072 |
_aF01 ; A50 _b0210 |
||
| 100 | _aAndrade, Lívia | ||
| 245 |
_aSuper batata _bAgrotecnologia |
||
| 500 | _a1 illus. | ||
| 650 | _aBATATA | ||
| 650 | _aHEPATITE | ||
| 650 | _aVÍRUS | ||
| 650 | _aRESISTÊNCIA A DOENÇA | ||
| 650 | _aPESQUISA | ||
| 650 | _aPROFILAXIA | ||
| 650 | _aMEDICINA | ||
| 650 | _aVACINA | ||
| 773 | 0 |
_01706 _9347819 _dSão Paulo-SP Editora Três Ltda - E-mail: luizfsa@revistadinheiro.com.br 2004 _o2025-0321 _tDinheiro Rural (Brazil) _x1807-3700 _gv. 2(6) p. 40-41; (Apr 2005) _wBR2024004774 |
|
| 942 | _cANA | ||
| 999 |
_c330062 _d330062 |
||